B D CHAURASIA'S HUMAN ANATOMY (Record no. 23953)

MARC details
000 -LEADER
fixed length control field 00389nam a22001697a 4500
003 - CONTROL NUMBER IDENTIFIER
control field SGT
020 ## - INTERNATIONAL STANDARD BOOK NUMBER
International Standard Book Number 9789354664762
082 ## - DEWEY DECIMAL CLASSIFICATION NUMBER
Classification number 611
Item number B22G
100 ## - MAIN ENTRY--PERSONAL NAME
Personal name GARG, KRISHNA,ed.
245 ## - TITLE STATEMENT
Title B D CHAURASIA'S HUMAN ANATOMY
250 ## - EDITION STATEMENT
Edition statement 9TH
260 ## - PUBLICATION, DISTRIBUTION, ETC. (IMPRINT)
Place of publication, distribution, etc NEW DELHI
Name of publisher, distributor, etc CBS PUB.
Year of Publication 2022
300 ## - PAGE DESCRIPTION
No. of Pages 532
650 ## - SUBJECT ADDED ENTRY--TOPICAL TERM
Topical term or geographic name as entry element ANATOMY
653 ## - KEYWORDS--INDEX TERM
Keyword term ANATOMY ,HUMAN , HUMAN ANATOMY
942 ## - ADDED ENTRY ELEMENTS (KOHA)
Source of classification or shelving scheme Dewey Decimal Classification
Koha item type Books
942 ## - ADDED ENTRY ELEMENTS (KOHA)
-- 199
Holdings
Withdrawn status Lost status Source of classification or shelving scheme Damaged status Not for loan Collection code Home library Current library Shelving location Date acquired Vendor Name Cost, normal purchase price Volume Information (Serial or Books or Non-Book Material) SGTU Bill Number Total Checkouts Full call number Accession No. (Barcode) Date last seen Date last borrowed Bill Date Koha item type Total Renewals
    Dewey Decimal Classification     AYURVEDA SGT FA-FP Library SGT FA-FP Library Text Book 07/06/2023 ABC PVT. 895.00 2 SGTU 16642 58 611 B22G FA11446 22/05/2026 22/05/2026 20/05/2023 Books  
    Dewey Decimal Classification     AYURVEDA SGT FA-FP Library SGT FA-FP Library Text Book 07/06/2023 ABC PVT. 895.00 2 SGTU 16642 55 611 B22G FA11447 22/05/2026 08/05/2026 20/05/2023 Books  
    Dewey Decimal Classification     AYURVEDA SGT FA-FP Library SGT FA-FP Library Text Book 07/06/2023 ABC PVT. 895.00 2 SGTU 16642 58 611 B22G FA11448 08/05/2026 16/04/2026 20/05/2023 Books 1
    Dewey Decimal Classification     AYURVEDA SGT FA-FP Library SGT FA-FP Library Text Book 07/06/2023 ABC PVT. 895.00 2 SGTU 16642 47 611 B22G FA11449 22/05/2026 22/05/2026 20/05/2023 Books  
    Dewey Decimal Classification     AYURVEDA SGT FA-FP Library SGT FA-FP Library Text Book 07/06/2023 ABC PVT. 895.00 2 SGTU 16642 57 611 B22G FA11450 21/04/2026 08/04/2026 20/05/2023 Books